GSHUA : memòria de Gestió '09 memòria de Gestió '09
Publicado:
Barcelona :
Diputació de Barcelona. Àrea d'Infraestructures, Urbanisme i Habitatge. Gerència de Serveis d'Habitatge, Urbanisme i Activitats ,
2010
Descripción Física:
196 p. : il. col., gràfics, quadres, taules ; 29 cm
MARC
| LEADER | 00000nam a2200000Ia 4500 | ||
|---|---|---|---|
| 001 | 23818 | ||
| 008 | 160829s2010 xx 000 0 cat d | ||
| 080 | |a Bib-57 | ||
| 245 | |a GSHUA : |b memòria de Gestió '09 | ||
| 260 | |a Barcelona : |b Diputació de Barcelona. Àrea d'Infraestructures, Urbanisme i Habitatge. Gerència de Serveis d'Habitatge, Urbanisme i Activitats, |c 2010 | ||
| 300 | |a 196 p. : |b il. col., gràfics, quadres, taules ; |c 29 cm | ||
| 610 | 1 | 0 | |a Barcelona (Catalunya : Província). |b Gerència de Serveis d'Habitatge, Urbanisme i Activitats |9 52885 |
| 650 | 0 | |a Urbanisme |z Barcelona (Catalunya : Província) |9 18405 | |
| 650 | 0 | |a Habitatge |z Barcelona (Catalunya : Província) |9 47931 | |
| 710 | 1 | |a Barcelona (Catalunya : Província). |b Gerència de Serveis d'Habitatge, Urbanisme i Activitats |9 52885 | |
| 901 | |a Arxiu | ||
| 942 | |n 1 | ||
| 952 | |0 0 |1 0 |4 0 |6 BIB57 |7 1 |9 55629 |a Arxiu |b Arxiu |d 2016-12-01 |l 0 |o Bib-57 |p 23818 |r 2016-12-01 00:00:00 |w 2016-12-01 |y ARXIU | ||
| 999 | |c 59502 |d 59502 | ||